| 000 | 00794cam a2200205 a 4500 | ||
|---|---|---|---|
| 001 | 000002744 | ||
| 005 | 20250314113209.0 | ||
| 008 | 880822s1981 ve b f000 0 spa | ||
| 040 |
_aDO-SdBNP _cDLC _dDLC |
||
| 082 |
_a924.87 _bB446B |
||
| 100 | 1 |
_aBolinaga de Duo, Maria Begoña _98643 |
|
| 245 | 1 | 0 |
_aAndrés Bello, conservacionista / _cMaria Begoña Bolinaga de Duo. |
| 260 |
_aCaracas : _bRepublica de Venezuela, Ministerio del Ambiente y de los Recursos Naturales Renovables, _c1981. |
||
| 300 |
_a74 p. ; _c23 cm. |
||
| 504 | _aIncluye referencias bibliográficas | ||
| 600 | 1 | 4 |
_aBELLO ANDRÉS _d1781-1865 _xCONOCIMIENTO _xAGRICULTURA _98644 |
| 650 | 0 |
_aConservación de los recursos naturales _91562 |
|
| 650 | 4 |
_aRecursos naturales _xPoesía _98645 |
|
| 910 | _aCatalogación por copia / LC | ||
| 999 |
_c2578 _d2578 |
||